[Event "Catalunya-chT GpA final"]
[Site "Barcelona"]
[Date "2018.03.17"]
[Round "2.10"]
[White "Ayas Fernandez, Antonio"]
[Black "Travesset Barba, Joaquim"]
[Result "1-0"]
[WhiteElo "2244"]
[BlackElo "2062"]
[PlyCount "81"]
[EventDate "2018.03.10"]
[EventType "team-tourn"]
[EventRounds "4"]
[EventCountry "ESP"]
[SourceTitle "CBM 183 Extra"]
[Source "ChessBase"]
[SourceDate "2018.04.19"]
[SourceVersion "1"]
[SourceVersionDate "2018.04.19"]
[SourceQuality "1"]
[WhiteTeam "Colon Sabadell"]
[BlackTeam "Sant Andreu"]
[WhiteTeamCountry "ESP"]
[BlackTeamCountry "ESP"]

1. e4 d5 2. exd5 Nf6 3. Bb5+ Bd7 4. Bc4 Bg4 5. f3 Bf5 6. Nc3 Nbd7 7. Nge2 Nb6 8. Bb3 Nfxd5 9. d4 e6 10. 0-0 a5 11. Nxd5 exd5 12. Ng3 Be6 13. c3 h5 14. Bc2 h4 15. Ne2 Bd6 16. Nf4 Qf6 17. Nxe6 fxe6 18. f4 0-0-0 19. b3 c6 20. Be3 Bc7 21. Qg4 Rde8 22. Rae1 Kb8 23. Bc1 Nc8 24. Re2 Rhf8 25. Bg6 Re7 26. g3 hxg3 27. hxg3 c5 28. Rfe1 e5 29. fxe5 Qf3 30. Qxf3 Rxf3 31. Re3 Rxe3 32. Bxe3 cxd4 33. cxd4 Bb6 34. Kf2 Na7 35. Ke2 Nb5 36. Kd3 Rc7 37. a4 Rc3+ 38. Kd2 Rxb3 39. axb5 Rxb5 40. e6 Bd8 41. Bf4+ 1-0

[Event "Catalunya-chT GpA final"]
[Site "Barcelona"]
[Date "2015.03.21"]
[Round "9.4"]
[White "Parals Marce, Luis"]
[Black "Travesset Barba, Joaquim"]
[Result "1/2-1/2"]
[WhiteElo "2055"]
[BlackElo "2081"]
[PlyCount "140"]
[EventDate "2015.03.14"]
[EventType "team-tourn"]
[EventRounds "11"]
[EventCountry "ESP"]
[SourceTitle "EXT 2016"]
[Source "ChessBase"]
[SourceDate "2015.10.08"]
[SourceVersion "1"]
[SourceVersionDate "2015.10.08"]
[SourceQuality "1"]
[WhiteTeam "Figueres"]
[BlackTeam "Sant Andreu"]
[WhiteTeamCountry "ESP"]
[BlackTeamCountry "ESP"]

1. c4 Nf6 2. g3 d6 3. Bg2 g6 4. Nc3 Bg7 5. e4 c5 6. Nge2 Nc6 7. 0-0 0-0 8. d3 Bd7 9. h3 Qc8 10. Kh2 a6 11. Bg5 h6 12. Be3 Rb8 13. Qd2 Kh7 14. Nd5 Nxd5 15. cxd5 Nd4 16. Bxd4 cxd4 17. Rac1 Qd8 18. Rc2 Qb6 19. Rfc1 Rfc8 20. Rxc8 Rxc8 21. Rxc8 Bxc8 22. Nc1 Bd7 23. Nb3 e5 24. Qa5 Qxa5 25. Nxa5 b5 26. h4 f5 27. Bh3 h5 28. f3 Bf6 29. Nc6 Kg7 30. Kg2 Kf7 31. Kf2 Ke8 32. Ke2 Bg7 33. Nb8 Bc8 34. Nc6 Bd7 35. Kf2 Bf6 36. Kg2 Kf7 37. b3 Ke8 38. Nb8 Bc8 39. exf5 gxf5 40. Nc6 Kf7 41. f4 exf4 42. gxf4 Kg6 43. Kg3 Kf7 44. Bg2 Bd7 45. Bf3 Kg6 46. Nb4 Bc8 47. Nc2 Bd7 48. Na3 Bc8 49. Nb1 b4 50. Nd2 Bd8 51. Nf1 a5 52. Kh3 Ba6 53. Be2 Bb7 54. Bf3 Ba6 55. Be2 Bb7 56. Ng3 Bxd5 57. Bxh5+ Kf6 58. Be8 Bf3 59. Bh5 Bd5 60. Ne2 Bb6 61. Be8 Ke7 62. Bh5 a4 63. Nc1 a3 64. Kg3 Kf6 65. Bf3 Bf7 66. Bc6 Bh5 67. Bf3 Bf7 68. Bd1 Kg7 69. Bf3 Kf6 70. Be2 Kg7 1/2-1/2

[Event "Catalunya-chT"]
[Site "Catalunya"]
[Date "2014.04.05"]
[Round "11.2"]
[White "Travesset Barba, Joaquim"]
[Black "Perez Manas, Benjamin"]
[Result "0-1"]
[WhiteElo "2081"]
[BlackElo "2290"]
[PlyCount "54"]
[EventDate "2014.01.25"]
[EventType "team"]
[EventRounds "11"]
[EventCountry "ESP"]
[SourceTitle "EXT 2015"]
[Source "ChessBase"]
[SourceDate "2014.11.20"]
[SourceVersion "1"]
[SourceVersionDate "2014.11.20"]
[SourceQuality "1"]
[WhiteTeam "Sant Andreu"]
[BlackTeam "Barbera"]
[WhiteTeamCountry "ESP"]
[BlackTeamCountry "ESP"]

1. d4 d5 2. Nf3 Nc6 3. g3 Bg4 4. Bg2 Qd7 5. h3 Bxf3 6. Bxf3 0-0-0 7. c3 e5 8. dxe5 Nxe5 9. Bg2 f5 10. Bf4 Ng6 11. Bg5 Be7 12. Bxe7 N8xe7 13. e3 Ne5 14. 0-0 h5 15. Nd2 h4 16. Nf3 Nxf3+ 17. Qxf3 hxg3 18. fxg3 c6 19. Rad1 Qe6 20. Rd4 Rdf8 21. h4 g5 22. hxg5 Ng6 23. Qe2 Qe7 24. g4 f4 25. Re1 Qh7 26. Rf1 Qh2+ 27. Kf2 f3 0-1

[Event "La Pobla de Lillet op 23rd"]
[Site "La Pobla de Lillet"]
[Date "2013.08.10"]
[Round "9"]
[White "Travesset Barba, Joaquim"]
[Black "Kovacevic, Slobodan"]
[Result "0-1"]
[WhiteElo "2074"]
[BlackElo "2337"]
[PlyCount "78"]
[EventDate "2013.08.02"]
[EventType "swiss"]
[EventRounds "9"]
[EventCountry "ESP"]
[SourceTitle "EXT 2014"]
[Source "ChessBase"]
[SourceDate "2013.11.20"]
[SourceVersion "1"]
[SourceVersionDate "2013.11.20"]
[SourceQuality "1"]

1. d4 Nf6 2. c4 e6 3. Nc3 c5 4. d5 exd5 5. cxd5 d6 6. e4 g6 7. Nf3 a6 8. a4 Bg4 9. Be2 Bxf3 10. Bxf3 Nbd7 11. a5 Bg7 12. 0-0 0-0 13. Bf4 Qe7 14. Qc2 Ne8 15. Rfe1 Nc7 16. Be2 Rfb8 17. Bg4 Ne5 18. Be2 b5 19. axb6 Rxb6 20. Bc1 h5 21. h3 Rab8 22. f4 Nd7 23. Ra4 Bd4+ 24. Kh2 Nf6 25. Rf1 Ng4+ 26. Bxg4 hxg4 27. Ra2 gxh3 28. g3 Re8 29. Re1 Bxc3 30. bxc3 Nxd5 31. Qd3 Nf6 32. Rae2 Qd7 33. Qf3 Ng4+ 34. Kh1 Rb3 35. f5 gxf5 36. exf5 Ne5 37. Qh5 f6 38. Rxe5 Rxe5 39. Qg6+ Qg7 0-1

[Event "La Pobla de Lillet op 23rd"]
[Site "La Pobla de Lillet"]
[Date "2013.08.05"]
[Round "4"]
[White "Capellades Subirana, Marc"]
[Black "Travesset Barba, Joaquim"]
[Result "1/2-1/2"]
[WhiteElo "2250"]
[BlackElo "2074"]
[PlyCount "63"]
[EventDate "2013.08.02"]
[EventType "swiss"]
[EventRounds "9"]
[EventCountry "ESP"]
[SourceTitle "EXT 2014"]
[Source "ChessBase"]
[SourceDate "2013.11.20"]
[SourceVersion "1"]
[SourceVersionDate "2013.11.20"]
[SourceQuality "1"]

1. e4 d5 2. exd5 Nf6 3. Nc3 Nxd5 4. Bc4 Nb6 5. Bb3 Nc6 6. Nf3 Bf5 7. d3 e6 8. Bf4 Bd6 9. Qd2 Bxf4 10. Qxf4 a6 11. 0-0-0 Qd6 12. Qg5 0-0 13. h4 Qe7 14. Qf4 Qd6 15. Qg5 Qe7 16. Qxe7 Nxe7 17. Nd4 Rad8 18. Nce2 c5 19. Nxf5 Nxf5 20. c3 Ne7 21. d4 c4 22. Bc2 Nbd5 23. g3 b5 24. b4 cxb3 25. axb3 Rc8 26. Kb2 Rc6 27. Be4 Rfc8 28. Rc1 Rb6 29. Ra1 f5 30. Bf3 Rd8 31. Rhe1 Kf7 32. Bg2 1/2-1/2

[Event "ESP-chT Premier North"]
[Site "Barcelona"]
[Date "2005.08.12"]
[Round "3"]
[White "Molina Vina, Marcos"]
[Black "Travesset Barba, Joaquim"]
[Result "1-0"]
[WhiteElo "2135"]
[BlackElo "2081"]
[PlyCount "115"]
[EventDate "2005.08.01"]
[EventType "team"]
[EventRounds "6"]
[EventCountry "ESP"]
[SourceTitle "CBM 107 Extra"]
[Source "ChessBase"]
[SourceDate "2005.09.01"]
[SourceVersion "1"]
[SourceVersionDate "2005.09.01"]
[SourceQuality "1"]

1. e4 d5 2. exd5 Nf6 3. c4 e6 4. d4 exd5 5. Bg5 Be7 6. Nf3 Ne4 7. Be3 Bb4+ 8. Nbd2 Nxd2 9. Nxd2 0-0 10. a3 Be7 11. Bd3 c6 12. 0-0 Bf6 13. Rc1 Be6 14. c5 Qd7 15. f4 Bf5 16. Nf3 Bxd3 17. Qxd3 Na6 18. Ne5 Qe7 19. Rf3 Nc7 20. Re1 Bxe5 21. fxe5 Ne6 22. Rh3 g6 23. Bh6 Ng7 24. Qd2 f5 25. Bxg7 Qxg7 26. Qg5 Rae8 27. Ree3 Re6 28. Rh6 Qe7 29. Qf4 Qg7 30. h4 Kf7 31. Rg3 Ke8 32. h5 Rg8 33. Qxf5 gxf5 34. Rxg7 Rxg7 35. Rxe6+ Kf7 36. Rf6+ Ke8 37. Rh6 Kf7 38. Kf2 Kg8 39. Rd6 Rg4 40. h6 Rxd4 41. e6 Kf8 42. Rd7 Re4 43. Rf7+ Ke8 44. Rxh7 Rxe6 45. b4 d4 46. Rh8+ Kf7 47. h7 Kg7 48. Rb8 Kxh7 49. Rxb7+ Kg6 50. Rxa7 Re3 51. a4 Rb3 52. Rb7 Kg5 53. b5 Rb2+ 54. Ke1 cxb5 55. axb5 Kf4 56. c6 Rc2 57. Re7 Rc5 58. c7 1-0